Perspektíva rýchlo rastúcich podnikov v terciárnom sektore na Slovensku

Analýza a zdokumentovanie existencie rýchlo rastúcich firiem v sektore služieb na Slovensku. Definovanie základných pojmov – rýchlo rastúce podniky (high-growth enterprises HGE). Dôležitá funkcia malých a stredných podnikov v sektore služieb.

Enregistré dans:
Détails bibliographiques
Auteur principal: Krošláková, Monika, 1975-
Autres auteurs: Lipčáková, Miriama
Format: Chapitre de livre
Langue:slovaque
Sujets:
Tags: Ajouter un tag
Pas de tags, Soyez le premier à ajouter un tag!

MARC

LEADER 00000nla a2200000 4500
001 0223483
005 20240502073645.4
041 0 |a slo 
044 |a SK 
245 1 0 |a Perspektíva rýchlo rastúcich podnikov v terciárnom sektore na Slovensku  |c Monika Krošláková, Miriama Lipčáková 
520 |a Analýza a zdokumentovanie existencie rýchlo rastúcich firiem v sektore služieb na Slovensku. Definovanie základných pojmov – rýchlo rastúce podniky (high-growth enterprises HGE). Dôležitá funkcia malých a stredných podnikov v sektore služieb. 
610 2 0 |a služby 
610 2 0 |a sektor terciárny 
610 2 0 |a podnik služieb 
610 2 0 |a podnik malý 
610 2 0 |a podnik stredný 
610 2 0 |a služby obyvateľstvu 
610 2 0 |a služby poznatkovo intenzívne 
100 1 |a Krošláková, Monika, 1975- 
700 1 |a Lipčáková, Miriama